000 00297nam a2200121Ia 4500
008 190216s9999||||xx |||||||||||||| ||und||
100 _aKhan M Y & Jain P K
245 0 _aFinancial Management
260 _bTata Mcgrawhill Publishers
_c2004
300 _a1230
650 _aCommerce
942 _cBK
999 _c6570
_d6570